000 00854cam a22002654a 4500
999 _c20489
_d20489
001 13389400
003 OSt
005 20210226095923.0
008 170106b xxu||||| |||| 00| 0 eng d
010 _a 2003064639
020 _a1891487736
040 _aMMU
_cMMU
_dMMU
_beng
050 0 0 _aGN345.6
_b.T57 2005
100 1 _aTing-Toomey, Stella.
245 1 0 _aUnderstanding intercultural communication /
_cStella Ting-Toomey, Leeva C. Chung.
260 _aLos Angeles, Calif. ;
_bRoxbury Pub. Co.,
_cc2005.
300 _axviii, 404 p. :
_bill. ;
_c26 cm.
500 _aIncludes bibliographical references (p. 355-372) and indexes.
650 0 _aIntercultural communication.
650 0 _aCulture shock.
650 0 _aLanguage and culture.
650 0 _aCross-cultural orientation.
700 1 _aChung, Leeva C.,
_d1965-
942 _2lcc
_cLOAN LOAN